000 00814pam a2200301 i 4500
999 _c745
_d745
001 016732831
003 Uk
005 20191206092301.0
008 140411s2014 enk j 000 1 eng d
015 _aGBB456310
_2bnb
016 7 _a016732831
_2Uk
020 _a9780571297160 (pbk.) :
040 _aStDuBDS
_beng
_cStDuBDS
_dUk
_erda
042 _aukblcatcopy
082 _aFIC CAR
100 1 _aCarroll, Emma,
_eauthor.
245 1 4 _aThe girl who walked on air /
_cEmma Carroll.
264 1 _aLondon :
_bFaber and Faber,
_c2014.
300 _a320 pages ;
_c20 cm.
336 _atext
_2rdacontent
337 _aunmediated
_2rdamedia
338 _avolume
_2rdacarrier
500 _aFormerly CIP.
_5Uk
530 _aAlso issued online.
650 _aCircus
655 0 _aChildren's stories.
942 _2ddc
_cFIC